Mathematical modeling and validation in physiology : applications to the cardiovascular and respiratory systems

Αποθηκεύτηκε σε:
Λεπτομέρειες βιβλιογραφικής εγγραφής
Άλλοι συγγραφείς: Batzel, Jerry J. (Επιμελητής έκδοσης), Bachar, Mostafa (Επιμελητής έκδοσης), Kappel, F. (Επιμελητής έκδοσης)
Μορφή: Βιβλίο
Γλώσσα:English
Δημοσίευση: Heidelberg ; New York : Springer, c2013.
Σειρά:Lecture notes in mathematics (Springer-Verlag) ; 2064
Lecture notes in mathematics (Springer-Verlag). Mathematical biosciences subseries
Θέματα:
Ετικέτες: Προσθήκη ετικέτας
Δεν υπάρχουν, Καταχωρήστε ετικέτα πρώτοι!

MARC

LEADER 00000cam a2200000 i 4500
001 1/58217
008 141016s2013 gw ||| | eng||
020 |a 9783642328817 
035 |l 10119486 
040 |a GR-MyUA  |b gre  |e AACR2 
041 0 |a eng 
082 0 |a 612.0015118   |2 (23) 
245 1 0 |a Mathematical modeling and validation in physiology :   |b applications to the cardiovascular and respiratory systems /   |c Jerry J. Batzel, Mostafa Bachar, Franz Kappel, editors.  
260 |a Heidelberg ;   |a New York :   |b Springer,   |c c2013.  
300 |a xx, 254 σ. :   |b εικ. ;   |c 23 εκ.  
490 1 |a (Lecture notes in mathematics. Mathematical biosciences subseries   |v ; 2064) 
504 |a Περιέχει βιβλιογραφικές αναφορές και ευρετήριο.  
650 0 0 |a Human physiology  |x Mathematical models. 
650 0 0 |a Cardiovascular system  |x Mathematical models. 
650 0 0 |a Respiratory organs  |x Mathematical models. 
700 1 |a Batzel, Jerry J.  |e edt 
700 1 |a Bachar, Mostafa,  |e edt 
700 1 |a Kappel, F.  |e edt 
830 0 |a Lecture notes in mathematics (Springer-Verlag)  |v  ; 2064 
830 0 |a Lecture notes in mathematics (Springer-Verlag). Mathematical biosciences subseries 
852 |a INST  |b SAMOS  |e 20141016  |h 612.0015118 MAT  |p 005300037081  |q 005300037081  |t BK  |y 0 
901 |a BIBL3-2014-3 
909 |a Σ  |b 189190 
922 |a 3ΕΛΗ  |b 201405  |c ΤΜΗΜΑ ΜΑΘΗΜΑΤΙΚΩΝ  |d ΔΙΑΔΡΟΜΕΣ 
970 |a ΚΟΣΙΕΡΗΣ  |b ΧΡΗΣΤΟΣ  |z 2014/10/16